LDR 01035naa#a2200193#i#450# 001 RU\\bibl\126795 005 20260701225313.3 011 ## _a1815-588X 100 ## _a20260630b2026####ek#y0rusy0150####ca 102 ## _aRU 200 1# _aТеоретическое описание процессов и связей в поглощающих аппаратах тяговых агрегатов _eЖурнальная статья 210 1# _aСанкт-Петербург _cФГБОУ ВО "Петербургский государственный университет путей сообщения Императора Александра I" _d2026 215 ## _a5 с. 608 ## _aЖурнальная статья _2local 675 ## _aВзаимодействие пути и колеса. 625.032.3 _z 700 #1 _aРиполь-Сарагоси _gТатьяна Леонидовна 700 #1 _aРиполь-Сарагоси _gЛеонид Францискович 700 #1 _aЯицков _gИван Анатольевич 856 4# _aatjournal.ru _u